1278 1481 1486 1327 1565 1664 1097 1418 1374 1416 1003 1241 1392 1499 1758 1478 1547 1561 1886 1019 1327 1867 1477 1678 1147 1833 1306 1974 1873 1414 1831 1667 1850 1411 1116 1186 1113 1868 1338 1441 1640 1637 1348 1643 1083 1852 1950 1292 1746 1535 1134 1306 1775 1838 1720 1600 1553 1305 1848 1121 1005 1846 1491 1754 1842 1099 1010 1223 1580 1899 1340 1659 1735 1793 1913 1513 1889 1873 1497 1617 1916 1315 1122 1711 1601 1001 1108 1833 1626 1425 1541 1456 1297 1809 1956 1133 1142 1796 1989 BCNSPRNW ULIB Ver.6.0+V

เปลี่ยนเป็นภาษาไทย

Change to English
 แสดงรายละเอียดบรรณานุกรม
  กลับหน้าหลัก

Brief Record : Get Marc (ISO 2709) : E-mail record : QR code < ปิดหน้าต่าง
LEADER : 00000nam 2200000 a 4500
001    13399113745
003     ULIB
008    101227s2011 us a 000 0 eng d
020    ^a9780538736190
060 04 ^aWB400^bN976
245 00 ^aNutrition therapy and pathophysiology /^cMarcia Nahikian
250    ^a2nd ed.
260    ^aBelmont, CA :^bWadsworth ;^bCenage Learning,^c2011
300    ^axxxiv, 841p., [187 p. in various pagings] :^bill. (chiefly
504    ^aIncludes bibliographical references and index
650  0 ^aDiet therapy^vTextbooks
650  0 ^aPhysiology, Pathological^vTextbooks
650  2 ^aNutrition Therapy
650  2 ^aDiet Therapy
650  2 ^aPathophysiology
700 1  ^aNelms, Marcia Nahikian
945    ^p1600^l0^i030855
995    ^aKesorn
999 ^a ใช้งานได้ทุกระบบ
รายการนี้ยังไม่มีแท็ก
คุณยังไม่ได้ล็อกอิน คุณสามารถมีกิจกรรมร่วมกับเว็บไซต์ได้ แต่ต้องล็อกอินก่อน ::
  ล็อกอิน

รายการสื่อสารสนเทศ

ลำดับที่ ประเภท เลขเรียก/บาร์โค้ด สถานที่ สถานะ
- ไม่พบข้อมูล -

รายการใกล้เคียง
    หัวเรื่อง [Nutrition Therapy]
    หัวเรื่อง [Diet Therapy]
    หัวเรื่อง [Pathophysiology]

BibComment


ยังไม่เคยถูกคอมเมนท์

คอมเมนท์ทรัพยากรรายการนี้
  คอมเมนท์: Nutrition therap..


 Copyright 2026. Bcnsprnw @Library